[Event "37. Copenhagen Open (Politiken Cup)"]
[Site "Elsinore"]
[Date "2015.07.26"]
[Round "2"]
[White "Gade, Jens"]
[Black "Nilsen, Tobias Lang"]
[Result "0-1"]
[WhiteElo "1572"]
[BlackElo "1855"]
[PlyCount "38"]
[EventDate "2015.07.25"]
[EventType "swiss"]
[EventRounds "10"]
[EventCountry "DEN"]
[Source "ChessBase"]
[SourceDate "2015.09.14"]

1. f4 d5 2. Nf3 c5 3. e3 g6 4. Be2 Bg7 5. O-O Nc6 6. c3 b6 7. d4 Nf6 8. Nbd2
O-O 9. Ne5 Qc7 10. Bf3 cxd4 11. cxd4 Nb4 12. Qb3 a5 13. Bd1 Ba6 14. Re1 Nd7 15.
a3 Nxe5 16. Be2 Nc2 17. Bxa6 Nxa1 18. Qxd5 Rxa6 19. fxe5 Nc2 0-1

[Event "37. Copenhagen Open (Politiken Cup)"]
[Site "Elsinore"]
[Date "2015.07.26"]
[Round "2"]
[White "Gaure, Sigurd Lauvas"]
[Black "Rasmussen, Henning1"]
[Result "0-1"]
[WhiteElo "1406"]
[BlackElo "1817"]
[PlyCount "92"]
[EventDate "2015.07.25"]
[EventType "swiss"]
[EventRounds "10"]
[EventCountry "DEN"]
[Source "ChessBase"]
[SourceDate "2015.09.14"]

1. e4 c6 2. d4 d5 3. Nc3 dxe4 4. Nxe4 Bf5 5. Ng3 Bg6 6. Nf3 Nd7 7. Bc4 e6 8.
O-O Be7 9. Re1 Ngf6 10. Qe2 Nd5 11. Bxd5 cxd5 12. Ne5 Nxe5 13. Qxe5 Bf6 14. Qe3
Bxc2 15. Qc3 Bg6 16. Qb4 Qe7 17. Qb5+ Qd7 18. Qxd7+ Kxd7 19. Be3 Rhc8 20. Rac1
Rxc1 21. Rxc1 Rc8 22. Rxc8 Kxc8 23. Kf1 Kd7 24. Ke2 Kc6 25. Kd2 a6 26. Kc3 Be7
27. a3 f6 28. f4 Be4 29. Nxe4 dxe4 30. g4 Kd5 31. f5 e5 32. h4 h6 33. b4 b5 34.
dxe5 Kxe5 35. Kb3 Kd5 36. Kc3 Bd6 37. g5 hxg5 38. hxg5 Be5+ 39. Kb3 Bd4 40.
gxf6 gxf6 41. Bd2 Ke5 42. a4 Kxf5 43. axb5 axb5 44. Kc2 Ke5 45. Bc3 Bxc3 46.
Kxc3 Kf5 0-1

[Event "37. Copenhagen Open (Politiken Cup)"]
[Site "Elsinore"]
[Date "2015.07.26"]
[Round "2"]
[White "Glud, Jakob Vang"]
[Black "Formanek, Edward W"]
[Result "1-0"]
[WhiteElo "2531"]
[BlackElo "2121"]
[PlyCount "103"]
[EventDate "2015.07.25"]
[EventType "swiss"]
[EventRounds "10"]
[EventCountry "DEN"]
[Source "ChessBase"]
[SourceDate "2015.09.14"]

1. c4 c6 2. g3 d5 3. Nf3 Nf6 4. Bg2 Bf5 5. cxd5 cxd5 6. Qb3 Qb6 7. Qxb6 axb6 8.
Nc3 Nc6 9. d3 e6 10. O-O h6 11. Nb5 Ra5 12. Nfd4 Nxd4 13. Nxd4 Bg4 14. Bd2 Rc5
15. h3 Bh5 16. g4 Bg6 17. b4 Rc8 18. Rfc1 Rxc1+ 19. Rxc1 Kd7 20. Nb5 Bd6 21.
Be3 Ra8 22. a3 Ra6 23. Bd4 Bb8 24. Bb2 Ne8 25. e4 dxe4 26. dxe4 e5 27. h4 Nd6
28. Rd1 Ke6 29. Bf1 Ra8 30. Nc3 Bc7 31. Bh3 f6 32. Nd5 Bd8 33. g5+ Kf7 34. Nxb6
Bxb6 35. Rxd6 Bd4 36. Rd7+ Kf8 37. gxh6 gxh6 38. Bxd4 exd4 39. Rxd4 Rxa3 40.
Bc8 b6 41. Kg2 Rb3 42. Be6 Rb2 43. Kg3 Ke7 44. Bc8 Rc2 45. Bg4 Be8 46. f3 Rb2
47. Bf5 Rb3 48. Kf4 Rb2 49. e5 fxe5+ 50. Kxe5 Re2+ 51. Re4 Rxe4+ 52. Bxe4 1-0

[Event "37. Copenhagen Open (Politiken Cup)"]
[Site "Elsinore"]
[Date "2015.07.26"]
[Round "2"]
[White "Gough, Rod"]
[Black "Tryggestad, Linnea Garberg"]
[Result "1-0"]
[WhiteElo "1822"]
[BlackElo "1422"]
[PlyCount "93"]
[EventDate "2015.07.25"]
[EventType "swiss"]
[EventRounds "10"]
[EventCountry "DEN"]
[Source "ChessBase"]
[SourceDate "2015.09.14"]

1. d4 Nf6 2. Nc3 d5 3. Bg5 g6 4. e3 Bg7 5. Bd3 O-O 6. Nf3 Nc6 7. a3 Re8 8. O-O
e5 9. dxe5 Nxe5 10. Nxe5 Rxe5 11. Bf4 Re8 12. Ne2 Nh5 13. c3 c5 14. Rb1 d4 15.
Bb5 Nxf4 16. Nxf4 Bd7 17. Bxd7 Qxd7 18. cxd4 cxd4 19. exd4 Qxd4 20. Qxd4 Bxd4
21. b4 Re4 22. g3 Rd8 23. Rbd1 Bb6 24. Rxd8+ Bxd8 25. Rd1 Bb6 26. Nd5 Rd4 27.
Rxd4 Bxd4 28. Kf1 Kf8 29. Ke2 h5 30. f3 Ke8 31. Kd3 Bg7 32. a4 Kd7 33. Kc4 Kd6
34. Nf4 Be5 35. Nd3 b6 36. Nxe5 Kxe5 37. Kb5 Kd4 38. Ka6 Kc4 39. b5 Kb4 40.
Kxa7 Ka5 41. Kb7 g5 42. g4 h4 43. h3 f6 44. Kc6 Kxa4 45. Kxb6 Kb4 46. Kc6 Ka5
47. b6 1-0

[Event "37. Copenhagen Open (Politiken Cup)"]
[Site "Elsinore"]
[Date "2015.07.26"]
[Round "2"]
[White "Greeuw, Sietske"]
[Black "Tryggestad, Andreas Garberg"]
[Result "1/2-1/2"]
[WhiteElo "1989"]
[BlackElo "2204"]
[PlyCount "193"]
[EventDate "2015.07.25"]
[EventType "swiss"]
[EventRounds "10"]
[EventCountry "DEN"]
[Source "ChessBase"]
[SourceDate "2015.09.14"]

1. e4 c5 2. Nf3 e6 3. d4 cxd4 4. Nxd4 a6 5. Bd3 g6 6. O-O Bg7 7. Be3 Ne7 8. c4
O-O 9. Nc3 d5 10. exd5 exd5 11. Qd2 dxc4 12. Bxc4 b5 13. Bb3 Bb7 14. Rfd1 Nbc6
15. Nxc6 Bxc6 16. Qe2 Qc7 17. Rac1 Qb7 18. f3 Nf5 19. Bc5 Rfe8 20. Qf2 Bh6 21.
f4 Rad8 22. g4 Ne7 23. Rxd8 Rxd8 24. Qh4 Bf8 25. Qf6 Be8 26. Bd4 Rxd4 27. Qxd4
Qf3 28. Bd1 Qc6 29. Ne4 Bg7 30. Qe3 Qd5 31. Bb3 Qd7 32. Qe2 Nc6 33. Nd6 Nd4 34.
Qxe8+ Qxe8 35. Nxe8 Ne2+ 36. Kf1 Nxc1 37. Bd5 Nd3 38. Nd6 Bxb2 39. Bxf7+ Kg7
40. Bd5 Nxf4 41. Bb7 Be5 42. Ne4 a5 43. Bc6 b4 44. Nc5 Bd4 45. Nb3 Bb6 46. Nd2
Nd3 47. Bb5 Nc1 48. Bc4 a4 49. Ke1 b3 50. a3 b2 51. Kd1 Nb3 52. Nb1 Nd4 53. h3
Ba5 54. Bd5 Kf6 55. h4 g5 56. hxg5+ Kxg5 57. Be4 h6 58. Nd2 Kxg4 59. Nc4 Bc3
60. Nb6 Nb5 61. Nxa4 Bd4 62. Bg6 Nxa3 63. Nxb2 Bxb2 64. Ke2 Nc4 65. Be4 Ne5 66.
Kf2 h5 67. Kg1 Kg3 68. Bb7 Ng4 69. Bc8 Bd4+ 70. Kh1 Nf2+ 71. Kg1 h4 72. Bd7 Be3
73. Bc8 h3 74. Bxh3 Nxh3+ 75. Kh1 Kf2 76. Kh2 Ng5 77. Kh1 Ne4 78. Kh2 Kf3 79.
Kh3 Bf4 80. Kh4 Nf6 81. Kh3 Ng4 82. Kh4 Ne5 83. Kh3 Nc4 84. Kh4 Ke4 85. Kh3 Ne3
86. Kh4 Kf5 87. Kh3 Ke4 88. Kh4 Nc4 89. Kh3 Kf3 90. Kh4 Ne5 91. Kh3 Ng4 92. Kh4
Nf6 93. Kh3 Ne4 94. Kh4 Nf6 95. Kh3 Ne4 96. Kh4 Nf6 97. Kh3 1/2-1/2

[Event "37. Copenhagen Open (Politiken Cup)"]
[Site "Elsinore"]
[Date "2015.07.26"]
[Round "2"]
[White "Grigoriants, Sergey"]
[Black "Salerno, Christian"]
[Result "1-0"]
[WhiteElo "2594"]
[BlackElo "2129"]
[PlyCount "75"]
[EventDate "2015.07.25"]
[EventType "swiss"]
[EventRounds "10"]
[EventCountry "DEN"]
[Source "ChessBase"]
[SourceDate "2015.09.14"]

1. e4 e6 2. d4 d5 3. Nc3 Nf6 4. e5 Nfd7 5. f4 c5 6. Nf3 Nc6 7. Be3 a6 8. Qd2 b5
9. a3 Qb6 10. Nd1 cxd4 11. Nxd4 Nc5 12. b4 Ne4 13. Nxe6 Nxd2 14. Bxb6 Bxe6 15.
Kxd2 Be7 16. Bd3 g6 17. Nc3 O-O 18. Ne2 Rfb8 19. Bf2 f5 20. c3 a5 21. Rhb1 a4
22. Ng1 Bd7 23. Nf3 Nd8 24. Rg1 Ne6 25. Be3 h5 26. g3 Kf7 27. h3 Rh8 28. g4
hxg4 29. hxg4 Rh3 30. gxf5 gxf5 31. Raf1 Ng7 32. Nd4 Rb8 33. Rf2 Rh7 34. Rfg2
Bf8 35. Nf3 Be7 36. e6+ Bxe6 37. Ne5+ Kf8 38. Ng6+ 1-0

[Event "37. Copenhagen Open (Politiken Cup)"]
[Site "Elsinore"]
[Date "2015.07.26"]
[Round "2"]
[White "Haldorsen, Benjamin"]
[Black "Strand, Kjetil"]
[Result "1-0"]
[WhiteElo "2302"]
[BlackElo "2035"]
[PlyCount "57"]
[EventDate "2015.07.25"]
[EventType "swiss"]
[EventRounds "10"]
[EventCountry "DEN"]
[Source "ChessBase"]
[SourceDate "2015.09.14"]

1. e4 e5 2. Nf3 Nc6 3. Bb5 a6 4. Ba4 Nf6 5. d3 b5 6. Bb3 Be7 7. a4 b4 8. O-O
O-O 9. a5 d6 10. c3 Rb8 11. Nbd2 Bg4 12. h3 Bd7 13. Re1 Na7 14. d4 bxc3 15.
bxc3 exd4 16. cxd4 Bb5 17. e5 dxe5 18. dxe5 Nd5 19. Ne4 Bc6 20. Nd4 Bb4 21. Bg5
Be7 22. Nxc6 Nxc6 23. Bxd5 Nb4 24. Bxe7 Qxe7 25. Bc4 Rfd8 26. Qh5 Nc2 27. Ng5
h6 28. Nxf7 Kh7 29. Qf5+ 1-0

[Event "37. Copenhagen Open (Politiken Cup)"]
[Site "Elsinore"]
[Date "2015.07.26"]
[Round "2"]
[White "Hansen, Anders1"]
[Black "Perrett, David C"]
[Result "0-1"]
[WhiteElo "1704"]
[BlackElo "1937"]
[PlyCount "66"]
[EventDate "2015.07.25"]
[EventType "swiss"]
[EventRounds "10"]
[EventCountry "DEN"]
[Source "ChessBase"]
[SourceDate "2015.09.14"]

1. b3 Nf6 2. Bb2 d5 3. Nf3 Nbd7 4. g3 e6 5. Bg2 Bc5 6. d4 Be7 7. Nbd2 O-O 8.
O-O b6 9. c4 Bb7 10. Ne5 c5 11. e3 Rc8 12. cxd5 Nxe5 13. dxe5 Nxd5 14. Nc4 Ba6
15. Qg4 b5 16. Nd6 Bxd6 17. Rfd1 Be7 18. e4 Bb7 19. exd5 Bxd5 20. Bxd5 exd5 21.
e6 f6 22. Qf5 d4 23. h4 Qd6 24. Re1 Rfd8 25. Qh5 g6 26. Qf3 Qd5 27. Qe4 c4 28.
Qg4 c3 29. Bc1 d3 30. Bh6 d2 31. Red1 Qh5 32. Qxh5 gxh5 33. Kg2 Rc6 0-1

[Event "37. Copenhagen Open (Politiken Cup)"]
[Site "Elsinore"]
[Date "2015.07.26"]
[Round "2"]
[White "Hansen, Ib Lynaes"]
[Black "Maselli, David"]
[Result "1-0"]
[WhiteElo "1819"]
[BlackElo "1387"]
[PlyCount "42"]
[EventDate "2015.07.25"]
[EventType "swiss"]
[EventRounds "10"]
[EventCountry "DEN"]
[Source "ChessBase"]
[SourceDate "2015.09.14"]

1. Nf3 g6 2. e4 Bg7 3. d4 d6 4. c3 Nf6 5. Bd3 O-O 6. Qc2 Re8 7. e5 Nd5 8. a3
Nc6 9. c4 Nb6 10. Nc3 dxe5 11. d5 Nd4 12. Nxd4 exd4 13. Ne4 e6 14. dxe6 Rxe6
15. O-O Qh4 16. g3 Qh3 17. Ng5 Qg4 18. Nxe6 Bxe6 19. Bf4 c6 20. Rfe1 Qh3 21. b3
Rc8 1-0

[Event "37. Copenhagen Open (Politiken Cup)"]
[Site "Elsinore"]
[Date "2015.07.26"]
[Round "2"]
[White "Hansen, Max"]
[Black "Veng, Johny"]
[Result "0-1"]
[WhiteElo "2025"]
[BlackElo "2294"]
[PlyCount "106"]
[EventDate "2015.07.25"]
[EventType "swiss"]
[EventRounds "10"]
[EventCountry "DEN"]
[Source "ChessBase"]
[SourceDate "2015.09.14"]

1. d4 Nf6 2. Nf3 e6 3. g3 b5 4. Bg2 Bb7 5. O-O Be7 6. Nbd2 O-O 7. Re1 c5 8. c3
d5 9. a3 Nc6 10. Nb3 Ne4 11. dxc5 Nxc5 12. Nbd4 a6 13. Be3 Na4 14. Nxc6 Bxc6
15. Qd2 Rc8 16. Rad1 Ba8 17. Nd4 Bf6 18. f4 Qe7 19. Bf2 Nc5 20. Nf3 Ne4 21. Qd3
Nxf2 22. Kxf2 a5 23. Qd2 Rc4 24. Bf1 Rb8 25. e3 Rcc8 26. Nd4 b4 27. cxb4 axb4
28. a4 e5 29. fxe5 Bxe5 30. Rc1 h5 31. Kg1 h4 32. Nf5 Qf6 33. Rxc8+ Rxc8 34.
Nxh4 Bxb2 35. Qxb4 Bc3 36. Qg4 Re8 37. Re2 d4 38. Rf2 Qe6 39. Qxe6 Rxe6 40. Bc4
dxe3 41. Rc2 Bd4 42. Be2 Be4 43. Rc4 Rd6 44. Ng2 f5 45. a5 Ba7 46. Kf1 Rd2 47.
Ne1 Kh7 48. Ra4 Kh6 49. a6 g5 50. Rb4 g4 51. Rxe4 fxe4 52. Bxg4 Rf2+ 53. Kg1 e2
0-1

[Event "37. Copenhagen Open (Politiken Cup)"]
[Site "Elsinore"]
[Date "2015.07.26"]
[Round "2"]
[White "Hansen, Sune Berg"]
[Black "Holm, Ragnar"]
[Result "1-0"]
[WhiteElo "2566"]
[BlackElo "2124"]
[PlyCount "53"]
[EventDate "2015.07.25"]
[EventType "swiss"]
[EventRounds "10"]
[EventCountry "DEN"]
[Source "ChessBase"]
[SourceDate "2015.09.14"]

1. Nf3 c5 2. g3 Nc6 3. Bg2 g6 4. c4 Bg7 5. Nc3 d6 6. d3 Nf6 7. a3 O-O 8. Rb1 d5
9. cxd5 Nxd5 10. Nxd5 Qxd5 11. O-O Qd6 12. Qa4 Nd4 13. Nxd4 cxd4 14. Bf4 Be5
15. Bxe5 Qxe5 16. Rfe1 a5 17. b4 b5 18. Qc2 Ra6 19. Qc5 Qxc5 20. bxc5 Bd7 21.
Rec1 Bc6 22. Bxc6 Rxc6 23. Rxb5 Ra8 24. Rc4 e5 25. Ra4 Rca6 26. c6 Rxc6 27.
Rxe5 1-0

[Event "37. Copenhagen Open (Politiken Cup)"]
[Site "Elsinore"]
[Date "2015.07.26"]
[Round "2"]
[White "Hansson, Fredrik"]
[Black "Nielsen, Hogni Egilstoft"]
[Result "1-0"]
[WhiteElo "2036"]
[BlackElo "2338"]
[PlyCount "101"]
[EventDate "2015.07.25"]
[EventType "swiss"]
[EventRounds "10"]
[EventCountry "DEN"]
[Source "ChessBase"]
[SourceDate "2015.09.14"]

1. e4 e5 2. Nf3 Nc6 3. Bb5 a6 4. Ba4 Nf6 5. d3 b5 6. Bb3 Be7 7. O-O d6 8. c3
O-O 9. h3 Na5 10. Bc2 c5 11. Re1 Nc6 12. Nbd2 Re8 13. Nf1 h6 14. a4 Bb7 15. Ng3
Bf8 16. Nh2 Ne7 17. Qf3 Ng6 18. Nf5 d5 19. Ng4 Nxg4 20. Qxg4 d4 21. Bb3 Qf6 22.
cxd4 exd4 23. axb5 axb5 24. Rxa8 Bxa8 25. f4 c4 26. Bc2 Bb7 27. e5 Qb6 28.
Nxh6+ gxh6 29. f5 Bc8 30. e6 Bxe6 31. fxe6 Kh7 32. Qf5 Re7 33. h4 fxe6 34. Qe4
Qc5 35. Rf1 Bg7 36. dxc4 d3+ 37. Be3 Qxc4 38. Bxd3 Qxe4 39. Bxe4 h5 40. g4 hxg4
41. h5 Bxb2 42. Rb1 Bf6 43. Rxb5 Rd7 44. Kg2 Bd4 45. hxg6+ Kg7 46. Rh5 Kg8 47.
Bxd4 Rxd4 48. Re5 Rd6 49. Kg3 Kg7 50. Kxg4 Kf6 51. Rg5 1-0

[Event "37. Copenhagen Open (Politiken Cup)"]
[Site "Elsinore"]
[Date "2015.07.26"]
[Round "2"]
[White "Haria, Ravi"]
[Black "Andersen, Rune Egede"]
[Result "1-0"]
[WhiteElo "2261"]
[BlackElo "2028"]
[PlyCount "53"]
[EventDate "2015.07.25"]
[EventType "swiss"]
[EventRounds "10"]
[EventCountry "DEN"]
[Source "ChessBase"]
[SourceDate "2015.09.14"]

1. Nf3 Nf6 2. g3 c5 3. Bg2 Nc6 4. d4 cxd4 5. Nxd4 g6 6. O-O Bg7 7. c4 O-O 8.
Nc3 a6 9. Nb3 b6 10. h3 Bb7 11. Be3 d6 12. Rc1 Rb8 13. Nd5 Nd7 14. Qd2 Re8 15.
Rfd1 Ba8 16. f4 Nc5 17. Nd4 Nxd4 18. Bxd4 Bh6 19. e4 Ne6 20. Be3 b5 21. f5
Bxe3+ 22. Qxe3 Nf8 23. c5 Bxd5 24. Rxd5 Qa5 25. c6 Rec8 26. e5 Rb6 27. b4 1-0

[Event "37. Copenhagen Open (Politiken Cup)"]
[Site "Elsinore"]
[Date "2015.07.26"]
[Round "2"]
[White "Hartung Nielsen, Jens"]
[Black "Stuhr, Peter Sebastian"]
[Result "0-1"]
[WhiteElo "2212"]
[BlackElo "1999"]
[PlyCount "56"]
[EventDate "2015.07.25"]
[EventType "swiss"]
[EventRounds "10"]
[EventCountry "DEN"]
[Source "ChessBase"]
[SourceDate "2015.09.14"]

1. d4 d6 2. Nf3 Nd7 3. c4 e5 4. Nc3 Ngf6 5. g3 c6 6. Bg2 Qc7 7. O-O Be7 8. e4
h6 9. h3 g5 10. Nh2 Nf8 11. Be3 Ng6 12. Qd2 Bd7 13. f4 gxf4 14. gxf4 exf4 15.
Bxf4 Nh4 16. Kh1 Rg8 17. Rf2 Nh5 18. Ng4 Bxg4 19. hxg4 Rxg4 20. Bh3 Rxf4 21.
Rxf4 Bg5 22. Rxh4 Ng3+ 23. Kg2 Bxd2 24. Kxg3 Qb6 25. Ne2 Qxb2 26. Rg4 Qxa1 27.
Rg8+ Ke7 28. Rxa8 Qxa2 0-1

[Event "37. Copenhagen Open (Politiken Cup)"]
[Site "Elsinore"]
[Date "2015.07.26"]
[Round "2"]
[White "Harvey, Marcus Ross"]
[Black "Taksrud, Vidar"]
[Result "1-0"]
[WhiteElo "2320"]
[BlackElo "2048"]
[PlyCount "119"]
[EventDate "2015.07.25"]
[EventType "swiss"]
[EventRounds "10"]
[EventCountry "DEN"]
[Source "ChessBase"]
[SourceDate "2015.09.14"]

1. Nf3 Nf6 2. b3 d5 3. Bb2 e6 4. e3 Nbd7 5. d4 Bd6 6. Nbd2 O-O 7. c4 b6 8. Bd3
Bb7 9. O-O Ne4 10. Qc2 f5 11. cxd5 exd5 12. Ne5 Nxe5 13. dxe5 Bb4 14. Nf3 c5
15. a3 Ba5 16. b4 cxb4 17. Nd4 Rc8 18. Qe2 bxa3 19. Rxa3 Qe7 20. f3 Nc3 21. Qe1
Na4 22. Nxf5 Rxf5 23. Qa1 Nxb2 24. Bxf5 Rf8 25. Bxh7+ Kxh7 26. Qxb2 Ba6 27. Rd1
Bc4 28. Ra4 Kg8 29. e4 Qc5+ 30. Kh1 dxe4 31. Qc2 Bb4 32. Qxe4 a5 33. Raa1 b5
34. Rac1 a4 35. Rd6 Re8 36. Rc6 Qxe5 37. R6xc4 bxc4 38. Qxc4+ Qe6 39. Qxb4 a3
40. h4 a2 41. Ra1 Kh8 42. Qd4 Qe1+ 43. Kh2 Qe2 44. Qd5 Qe7 45. Qh5+ Kg8 46.
Rxa2 Qd6+ 47. g3 Rf8 48. Kg2 Qc6 49. Rd2 Qc3 50. Qd5+ Kh8 51. Re2 Qa3 52. Re5
g6 53. Re2 Qa6 54. Qe5+ Kg8 55. Qe6+ Qxe6 56. Rxe6 Kf7 57. Ra6 Rh8 58. Ra5 Kf6
59. f4 Rc8 60. h5 1-0

[Event "37. Copenhagen Open (Politiken Cup)"]
[Site "Elsinore"]
[Date "2015.07.26"]
[Round "2"]
[White "Haubro, Martin"]
[Black "Moe, Mogens"]
[Result "1-0"]
[WhiteElo "2382"]
[BlackElo "2070"]
[PlyCount "55"]
[EventDate "2015.07.25"]
[EventType "swiss"]
[EventRounds "10"]
[EventCountry "DEN"]
[Source "ChessBase"]
[SourceDate "2015.09.14"]

1. e4 c5 2. Nf3 e6 3. d4 cxd4 4. Nxd4 a6 5. Bd3 Qc7 6. O-O Nc6 7. Nxc6 Qxc6 8.
Qe2 b5 9. a4 b4 10. Nd2 Nf6 11. Nc4 a5 12. Bf4 Bb7 13. Ne5 Qc5 14. Bb5 Bc6 15.
Nxc6 dxc6 16. Be3 Qd6 17. e5 Qd7 18. exf6 cxb5 19. Rfd1 Qb7 20. Qxb5+ Qxb5 21.
axb5 a4 22. b6 a3 23. Bf4 Bc5 24. fxg7 Ke7 25. gxh8=Q Rxh8 26. b7 Ba7 27. bxa3
Bb8 28. Be3 1-0

[Event "37. Copenhagen Open (Politiken Cup)"]
[Site "Elsinore"]
[Date "2015.07.26"]
[Round "2"]
[White "Haug, Johannes"]
[Black "Frisk, Hans"]
[Result "1-0"]
[WhiteElo "2236"]
[BlackElo "2013"]
[PlyCount "89"]
[EventDate "2015.07.25"]
[EventType "swiss"]
[EventRounds "10"]
[EventCountry "DEN"]
[Source "ChessBase"]
[SourceDate "2015.09.14"]

1. e4 e5 2. Nf3 Nf6 3. d4 Nxe4 4. Bd3 d5 5. dxe5 Be7 6. O-O Nc5 7. Be2 O-O 8.
Nc3 c6 9. Nd4 f6 10. exf6 Bxf6 11. Be3 Ne6 12. Na4 Nxd4 13. Bxd4 Bxd4 14. Qxd4
Qf6 15. Qxf6 Rxf6 16. c4 Be6 17. Nc5 Na6 18. Nxa6 bxa6 19. cxd5 Bxd5 20. Bxa6
Rb8 21. b3 Rb4 22. Rac1 Rg4 23. g3 Bf3 24. Rc3 Rg5 25. Bc4+ Bd5 26. Rfc1 Bxc4
27. Rxc4 Ra5 28. a4 Ra6 29. R1c3 h6 30. Kg2 Rb6 31. a5 Rb5 32. b4 c5 33. Rxc5
Rxb4 34. Rc6 Ra4 35. Rxf6 gxf6 36. Rc8+ Kf7 37. Rc7+ Kg6 38. Rxa7 Ra2 39. Ra8
h5 40. a6 Ra4 41. Kh3 Ra2 42. a7 Kg7 43. Kh4 Rxf2 44. Rg8+ Kh7 45. Kh3 1-0

[Event "37. Copenhagen Open (Politiken Cup)"]
[Site "Elsinore"]
[Date "2015.07.26"]
[Round "2"]
[White "Haugaard, Thomas"]
[Black "Philipsen, William Horup"]
[Result "0-1"]
[WhiteElo "1707"]
[BlackElo "1943"]
[PlyCount "64"]
[EventDate "2015.07.25"]
[EventType "swiss"]
[EventRounds "10"]
[EventCountry "DEN"]
[Source "ChessBase"]
[SourceDate "2015.09.14"]

1. d4 d5 2. c4 e5 3. dxe5 d4 4. Nf3 Nc6 5. a3 Bg4 6. Nbd2 Qe7 7. g3 O-O-O 8.
Bg2 d3 9. h3 dxe2 10. Qb3 Bf5 11. Nh4 Bd3 12. Bd5 Bg6 13. Nxg6 hxg6 14. Nf3 Qd7
15. Be3 Nge7 16. e6 Qd6 17. Bf4 Qc5 18. Be3 Qa5+ 19. Bd2 Qa6 20. exf7 Nxd5 21.
cxd5 Ne7 22. Rc1 Nxd5 23. Qc4 Qf6 24. Ng5 c6 25. Qxe2 Be7 26. Qe6+ Kb8 27. h4
Qxb2 28. Qxg6 Qxd2+ 29. Kxd2 Nf4+ 30. Kc2 Nxg6 31. Ne6 Rd7 32. Nxg7 Bxa3 0-1

[Event "37. Copenhagen Open (Politiken Cup)"]
[Site "Elsinore"]
[Date "2015.07.26"]
[Round "2"]
[White "Haugland, Rasmus L"]
[Black "Jorgensen, Morten"]
[Result "1-0"]
[WhiteElo "1884"]
[BlackElo "1602"]
[PlyCount "67"]
[EventDate "2015.07.25"]
[EventType "swiss"]
[EventRounds "10"]
[EventCountry "DEN"]
[Source "ChessBase"]
[SourceDate "2015.09.14"]

1. d4 g6 2. e4 Bg7 3. Nf3 c5 4. c3 Qc7 5. Na3 a6 6. Be3 d6 7. h3 Nf6 8. Bd3 O-O
9. O-O Nbd7 10. Qd2 Rd8 11. Bh6 b6 12. Bxg7 Kxg7 13. Rae1 e5 14. d5 h6 15. Nh2
b5 16. b3 Qa5 17. Nc2 Qb6 18. Ne3 Nf8 19. c4 b4 20. f4 Re8 21. f5 Qd8 22. Neg4
Nxg4 23. Nxg4 Qg5 24. Qf2 Ra7 25. Nh2 a5 26. Re3 Qd8 27. h4 g5 28. hxg5 hxg5
29. Qe2 f6 30. Qh5 Kg8 31. Ng4 Rh7 32. Nh6+ Kg7 33. Qf7+ Kh8 34. Qg8# 1-0

[Event "37. Copenhagen Open (Politiken Cup)"]
[Site "Elsinore"]
[Date "2015.07.26"]
[Round "2"]
[White "Hector, Jonny"]
[Black "Andersen, Torben Bodskov"]
[Result "1-0"]
[WhiteElo "2485"]
[BlackElo "2106"]
[PlyCount "67"]
[EventDate "2015.07.25"]
[EventType "swiss"]
[EventRounds "10"]
[EventCountry "DEN"]
[Source "ChessBase"]
[SourceDate "2015.09.14"]

1. e4 c6 2. d4 d5 3. f3 dxe4 4. fxe4 e5 5. Nf3 Be6 6. Bg5 Be7 7. Bxe7 Qxe7 8.
Nc3 exd4 9. Qxd4 Nf6 10. O-O-O O-O 11. e5 Ng4 12. h3 c5 13. Qd2 Nh6 14. Nd5
Bxd5 15. Qxd5 Nc6 16. Qe4 f5 17. Qf4 Rad8 18. Bb5 Qc7 19. Qc4+ Kh8 20. Qxc5 Qa5
21. Rxd8 Rxd8 22. Rd1 Rxd1+ 23. Kxd1 Ng8 24. Qc4 Nce7 25. Kc1 a6 26. Bd7 b5 27.
Qe6 Qa4 28. Kb1 Qe4 29. Qd6 Qe2 30. Qd2 Qf1+ 31. Ne1 Nd5 32. Bxf5 Nf4 33. Be4
h6 34. a3 1-0

[Event "37. Copenhagen Open (Politiken Cup)"]
[Site "Elsinore"]
[Date "2015.07.26"]
[Round "2"]
[White "Hedin, Niclas"]
[Black "Jacobsen, Per"]
[Result "1-0"]
[WhiteElo "1922"]
[BlackElo "1680"]
[PlyCount "49"]
[EventDate "2015.07.25"]
[EventType "swiss"]
[EventRounds "10"]
[EventCountry "DEN"]
[Source "ChessBase"]
[SourceDate "2015.09.14"]

1. d4 Nf6 2. c4 e5 3. dxe5 Ne4 4. Nd2 Nc5 5. a3 a5 6. Nb3 Nc6 7. Nf3 h6 8. Be3
Nxb3 9. Qxb3 Be7 10. g3 O-O 11. Bg2 d6 12. exd6 Bxd6 13. O-O Rb8 14. Rad1 Be6
15. Qc3 Qe7 16. c5 Bxg3 17. hxg3 Bg4 18. b4 axb4 19. axb4 Nd8 20. Rd2 Ne6 21.
Ne5 Bh5 22. Nd7 Bxe2 23. Nxf8 Bxf1 24. Nxe6 Bxg2 25. Qxg7# 1-0

[Event "37. Copenhagen Open (Politiken Cup)"]
[Site "Elsinore"]
[Date "2015.07.26"]
[Round "2"]
[White "Heinis, Vincent"]
[Black "Antonsen, Mikkel"]
[Result "0-1"]
[WhiteElo "2094"]
[BlackElo "2469"]
[PlyCount "44"]
[EventDate "2015.07.25"]
[EventType "swiss"]
[EventRounds "10"]
[EventCountry "DEN"]
[Source "ChessBase"]
[SourceDate "2015.09.14"]

1. e4 e6 2. Nf3 d5 3. e5 c5 4. b4 d4 5. bxc5 Bxc5 6. Bd3 Ne7 7. O-O Nbc6 8. Be4
h6 9. d3 Nd5 10. c4 dxc3 11. d4 Be7 12. a3 Qa5 13. Ne1 b6 14. Nc2 Ba6 15. Re1
O-O-O 16. Qf3 Rhf8 17. Bxd5 Qxd5 18. Qxd5 Rxd5 19. Nxc3 Rd7 20. Be3 Kb7 21.
Rad1 Rfd8 22. Ne2 Nxe5 0-1

[Event "37. Copenhagen Open (Politiken Cup)"]
[Site "Elsinore"]
[Date "2015.07.26"]
[Round "2"]
[White "Helin, Mikael"]
[Black "Roksvold, Thore"]
[Result "1-0"]
[WhiteElo "1896"]
[BlackElo "1629"]
[PlyCount "85"]
[EventDate "2015.07.25"]
[EventType "swiss"]
[EventRounds "10"]
[EventCountry "DEN"]
[Source "ChessBase"]
[SourceDate "2015.09.14"]

1. e4 d6 2. Nc3 Nf6 3. g3 g6 4. Bg2 Bg7 5. h3 O-O 6. Nge2 e5 7. O-O Nc6 8. f4
Nd7 9. f5 Nd4 10. d3 h6 11. Kh2 Nf6 12. g4 Nh7 13. Ng3 Kh8 14. Nd5 c6 15. f6
cxd5 16. fxg7+ Kxg7 17. c3 Nc6 18. exd5 Ne7 19. Qd2 g5 20. Be4 Ng6 21. Bf5 Nf4
22. Qe1 Re8 23. Bxh7 Kxh7 24. Qe4+ Kh8 25. c4 b6 26. Bd2 a5 27. Bc3 Kg8 28. Rf2
Qf6 29. Nh5 Qe7 30. Rg1 Nxh5 31. gxh5 f5 32. Qe3 Kh7 33. h4 g4 34. Kg2 Qxh4 35.
Rh1 Qd8 36. Re2 Ra7 37. d4 e4 38. c5 Rf7 39. Rf2 f4 40. Rxf4 Rxf4 41. Qxf4 dxc5
42. Qf7+ Kh8 43. dxc5+ 1-0

[Event "37. Copenhagen Open (Politiken Cup)"]
[Site "Elsinore"]
[Date "2015.07.26"]
[Round "2"]
[White "Henningsen, Lasse"]
[Black "Jensen, Jonbert"]
[Result "1-0"]
[WhiteElo "1960"]
[BlackElo "1569"]
[PlyCount "49"]
[EventDate "2015.07.25"]
[EventType "swiss"]
[EventRounds "10"]
[EventCountry "DEN"]
[Source "ChessBase"]
[SourceDate "2015.09.14"]

1. d4 Nf6 2. c4 g6 3. Nc3 Bg7 4. e4 d6 5. f3 O-O 6. Be3 b6 7. Qd2 c5 8. d5 Nbd7
9. O-O-O Ne8 10. g4 Ndf6 11. Bd3 e5 12. Nge2 Nc7 13. Ng3 a6 14. h4 b5 15. h5
bxc4 16. Bxc4 Nxg4 17. fxg4 Bxg4 18. Rdg1 Nb5 19. Bh6 Nd4 20. Bxg7 Kxg7 21.
hxg6 Rh8 22. Qh6+ Kg8 23. g7 Qf8 24. gxf8=Q+ Rxf8 25. Nh5 1-0